Ensayos sobre el código general del proceso / (Registro nro. 11564)

Detalles MARC
000 -LEADER
fixed length control field 00911nam a2200241Ia 4500
003 - CONTROL NUMBER IDENTIFIER
control field OSt
005 - DATE AND TIME OF LATEST TRANSACTION
control field 20210423142810.0
008 - FIXED-LENGTH DATA ELEMENTS--GENERAL INFORMATION
fixed length control field 210310s2013 ck gr 000 0 spa d
020 ## - INTERNATIONAL STANDARD BOOK NUMBER
International Standard Book Number 97895809438
040 ## - CATALOGING SOURCE
Original cataloging agency CO-JMCR
Transcribing agency CO-JMCR
041 0# - LANGUAGE CODE
Language code of text/sound track or separate title spa
082 04 - DEWEY DECIMAL CLASSIFICATION NUMBER
Classification number 347.05 /
Item number A481e
Edition number 23
100 1# - MAIN ENTRY--PERSONAL NAME
Personal name Álvarez Gómez, Marco Antonio,
Relator term autor
9 (RLIN) 25860
245 10 - TITLE STATEMENT
Title Ensayos sobre el código general del proceso /
Statement of responsibility, etc. Marco Antonio Álvarez Gómez
250 ## - EDITION STATEMENT
Edition statement Primea edición.
260 ## - PUBLICATION, DISTRIBUTION, ETC.
Place of publication, distribution, etc. Bogotá :
Name of publisher, distributor, etc. Pontificia Universidad Javeriana,
Date of publication, distribution, etc. 2014.
300 ## - PHYSICAL DESCRIPTION
Extent 2 volúmenes ;
Dimensions 21 cm.
490 0# - SERIES STATEMENT
Series statement Debates ;
-- Reflexiones normativas.
505 0# - FORMATTED CONTENTS NOTE
Miscellaneous information v.1 /
Title Variaciones de derecho sustancial en el código general del derecho.
Miscellaneous information v.2 /
Title Vigencias y derogatorias en el código general del proceso.
650 14 - SUBJECT ADDED ENTRY--TOPICAL TERM
Topical term or geographic name entry element Código general del proceso.
9 (RLIN) 37107
650 24 - SUBJECT ADDED ENTRY--TOPICAL TERM
Topical term or geographic name entry element Patrimonio sin sucesión.
9 (RLIN) 37108
942 ## - ADDED ENTRY ELEMENTS (KOHA)
Source of classification or shelving scheme Dewey Decimal Classification
Koha item type Books
Existencias
Withdrawn status Lost status Source of classification or shelving scheme Damaged status Not for loan Home library Current library Shelving location Date acquired Source of acquisition Total Checkouts Full call number Barcode Date last seen Date last checked out Copy number Price effective from Koha item type
    Dewey Decimal Classification     Biblioteca Pública José María del Castillo y Rada Biblioteca Pública José María del Castillo y Rada General Stacks 04/15/2018 Donación 1 347.05 / A481e 430009161 10/30/2024 10/29/2024 v.1 / Ej.1 03/10/2021 Books
    Dewey Decimal Classification     Biblioteca Pública José María del Castillo y Rada Biblioteca Pública José María del Castillo y Rada General Stacks 04/15/2018 Donación 1 347.05 / A481e 430009162 10/30/2024 10/29/2024 v.2 / Ej.1 03/10/2021 Books